Avances en las reformas de política económica y comercial: efectos en la agricultura de América Latina y el Caribe /
Wedi'i Gadw mewn:
| Prif Awdur: | |
|---|---|
| Fformat: | Texto |
| Tagiau: |
Ychwanegu Tag
Dim Tagiau, Byddwch y cyntaf i dagio'r cofnod hwn!
|
MARC
| LEADER | 00000 a a2200000 04500 | ||
|---|---|---|---|
| 001 | 47833 | ||
| 003 | |||
| 040 | |||
| 100 | |a Hernández E., Julio | ||
| 245 | |a Avances en las reformas de política económica y comercial: |b efectos en la agricultura de América Latina y el Caribe / |c Julio Hernández E. | ||
| 773 | |g número39, (1993), 73 páginas : tablas | ||
| 999 | |c 29188 |d 29188 | ||
